| 000 | 00327nam a22001217a 4500 | ||
|---|---|---|---|
| 999 |
_c529203 _d529203 |
||
| 020 | _a978140885591 | ||
| 082 | _aA3 R797 | ||
| 100 |
_aRowling, J.K. _951029 |
||
| 245 |
_aHarry Potter and the Prisoner of Azkaban _cby J.K. Rowling |
||
| 260 |
_aLondon _bBloomsbury Publishing _c2014 |
||
| 300 | _a461+p. | ||
| 650 |
_aFiction _951068 |
||